<?xml version="1.0" encoding="UTF-8"?>
<record
    xmlns:xsi="http://www.w3.org/2001/XMLSchema-instance"
    xsi:schemaLocation="http://www.loc.gov/MARC21/slim http://www.loc.gov/standards/marcxml/schema/MARC21slim.xsd"
    xmlns="http://www.loc.gov/MARC21/slim">

  <leader>03275nam a22005177a 4500</leader>
  <controlfield tag="003">OSt</controlfield>
  <controlfield tag="005">20260629151053.0</controlfield>
  <controlfield tag="008">230912b        |||||||| |||| 00| 0 eng d</controlfield>
  <datafield tag="020" ind1=" " ind2=" ">
    <subfield code="a">9791984679857</subfield>
    <subfield code="c">[paperback].</subfield>
  </datafield>
  <datafield tag="020" ind1=" " ind2=" ">
    <subfield code="c">Mind Mover : &#x20B1;5,760.00</subfield>
  </datafield>
  <datafield tag="040" ind1=" " ind2=" ">
    <subfield code="b">English</subfield>
    <subfield code="c">Foundation University Library</subfield>
  </datafield>
  <datafield tag="050" ind1=" " ind2=" ">
    <subfield code="a">TX 911.3.M3 </subfield>
    <subfield code="b">.2023 T47</subfield>
  </datafield>
  <datafield tag="082" ind1=" " ind2=" ">
    <subfield code="a">658.8</subfield>
    <subfield code="b">T41 2023</subfield>
  </datafield>
  <datafield tag="110" ind1=" " ind2=" ">
    <subfield code="a">3G E-Learning</subfield>
    <subfield code="e">Author, Editor and Publisher </subfield>
  </datafield>
  <datafield tag="245" ind1=" " ind2=" ">
    <subfield code="a">Sales marketing and PR service industry /</subfield>
    <subfield code="c">by 3G E-Learning</subfield>
  </datafield>
  <datafield tag="250" ind1=" " ind2=" ">
    <subfield code="a">3rd Edition.</subfield>
  </datafield>
  <datafield tag="260" ind1=" " ind2=" ">
    <subfield code="a">New York, NY :</subfield>
    <subfield code="b">3G E-Learning,</subfield>
    <subfield code="c">2023</subfield>
  </datafield>
  <datafield tag="264" ind1=" " ind2=" ">
    <subfield code="4">2023</subfield>
  </datafield>
  <datafield tag="300" ind1=" " ind2=" ">
    <subfield code="a">xiv, 438 pages :</subfield>
    <subfield code="b">color illustrations,</subfield>
    <subfield code="c">26 cm +</subfield>
    <subfield code="e">1 DVD 4 3/4 in</subfield>
    <subfield code="3">resource</subfield>
    <subfield code="f">resource</subfield>
  </datafield>
  <datafield tag="336" ind1=" " ind2=" ">
    <subfield code="2">rda content</subfield>
    <subfield code="a">text</subfield>
    <subfield code="b">txt</subfield>
  </datafield>
  <datafield tag="337" ind1=" " ind2=" ">
    <subfield code="2">rda media</subfield>
    <subfield code="a">unmediated</subfield>
    <subfield code="b">n</subfield>
  </datafield>
  <datafield tag="338" ind1=" " ind2=" ">
    <subfield code="2">rda carrier</subfield>
    <subfield code="3">volume</subfield>
    <subfield code="a">volume</subfield>
    <subfield code="b">nc</subfield>
  </datafield>
  <datafield tag="490" ind1=" " ind2=" ">
    <subfield code="a">CHM-HosMgt Series</subfield>
  </datafield>
  <datafield tag="500" ind1=" " ind2=" ">
    <subfield code="a">Tables.</subfield>
  </datafield>
  <datafield tag="500" ind1=" " ind2=" ">
    <subfield code="a">Full Color Book plus DVD"
"Over 100 hours Interactive E-lectures, Quiz and Videos in DVD"
"DVD has many useful features for teachers to teach with digital resources in classroom" --On Cover</subfield>
  </datafield>
  <datafield tag="504" ind1=" " ind2=" ">
    <subfield code="a">Includes bibliographical references and index.</subfield>
  </datafield>
  <datafield tag="505" ind1=" " ind2=" ">
    <subfield code="a">Chapter 1 Introduction to Marketing Management.
Chapter 2 Managing Marketing Channels.
Chapter 3 Marketing Communications.
Chapter 4 Sale Management and Personal Selling.
Chapter 5 Salesmanship Recruitment, Selection and Sales Training.
Chapter 6 Marketing Segmentation, Targeting, and Positioning.
Chapter 7 Public Relations.
Chapter 8 Social Media for Public Relations and Customer Relation.

Index</subfield>
  </datafield>
  <datafield tag="520" ind1=" " ind2=" ">
    <subfield code="a">"This third edition of Sales and PR in Service Industry presents the coverage in eight chapters. The content coverage is updated and new topics are added. This book provides an overview of the field of marketing and public relations with a focus on what managers need to know to operate the functions effectively and efficiently. Whilst selling is a vital element of hospitality marketing, sales strategies should be integrated into the marketing plan and are consistent with a marketing orientation. Keeping the audience well-informed about a business and its services is of utmost importance for any organization. For any company, its main objective is to market and sell its services or products profitably." --Provided by the Publisher</subfield>
  </datafield>
  <datafield tag="650" ind1=" " ind2=" ">
    <subfield code="a">Sales force management.</subfield>
    <subfield code="9">7056</subfield>
  </datafield>
  <datafield tag="650" ind1=" " ind2=" ">
    <subfield code="a">Sales management.</subfield>
    <subfield code="9">7050</subfield>
  </datafield>
  <datafield tag="650" ind1=" " ind2=" ">
    <subfield code="a">Marketing.</subfield>
    <subfield code="9">6062</subfield>
  </datafield>
  <datafield tag="650" ind1=" " ind2=" ">
    <subfield code="a">Public relations.</subfield>
    <subfield code="9">7043</subfield>
  </datafield>
  <datafield tag="700" ind1=" " ind2=" ">
    <subfield code="a"> Mrantinkovic, Aleksandar  </subfield>
    <subfield code="e">Editor</subfield>
    <subfield code="9">6919</subfield>
  </datafield>
  <datafield tag="700" ind1=" " ind2=" ">
    <subfield code="a">Piestun, Dan  </subfield>
    <subfield code="e">Editor</subfield>
    <subfield code="9">6920</subfield>
  </datafield>
  <datafield tag="700" ind1=" " ind2=" ">
    <subfield code="a">Fouda, Hazem Shawky </subfield>
    <subfield code="e">Editor</subfield>
    <subfield code="9">6921</subfield>
  </datafield>
  <datafield tag="700" ind1=" " ind2=" ">
    <subfield code="a"> Killlings, Felecia  </subfield>
    <subfield code="e">Editor</subfield>
    <subfield code="9">6922</subfield>
  </datafield>
  <datafield tag="700" ind1=" " ind2=" ">
    <subfield code="a">Hajj, Sandra El </subfield>
    <subfield code="e">Editor</subfield>
    <subfield code="9">6923</subfield>
  </datafield>
  <datafield tag="700" ind1=" " ind2=" ">
    <subfield code="a">Parveen, Fozia   </subfield>
    <subfield code="e">Editor</subfield>
    <subfield code="9">6924</subfield>
  </datafield>
  <datafield tag="700" ind1=" " ind2=" ">
    <subfield code="a">Krunic, Igor </subfield>
    <subfield code="e">Editor</subfield>
    <subfield code="9">6925</subfield>
  </datafield>
  <datafield tag="700" ind1=" " ind2=" ">
    <subfield code="a">Pehcevski, Jovan  </subfield>
    <subfield code="e">Editor</subfield>
    <subfield code="9">6926</subfield>
  </datafield>
  <datafield tag="700" ind1=" " ind2=" ">
    <subfield code="a"> Nur, Tajina   </subfield>
    <subfield code="e">Editor</subfield>
    <subfield code="9">6927</subfield>
  </datafield>
  <datafield tag="700" ind1=" " ind2=" ">
    <subfield code="a">Stephen   </subfield>
    <subfield code="e">Editor</subfield>
    <subfield code="9">6928</subfield>
  </datafield>
  <datafield tag="700" ind1=" " ind2=" ">
    <subfield code="a">Michelle </subfield>
    <subfield code="e">Editor</subfield>
    <subfield code="9">6929</subfield>
  </datafield>
  <datafield tag="856" ind1=" " ind2=" ">
    <subfield code="u">https://drive.google.com/file/d/1UNfJB42KZV6Gp3g-Yfg8E51ihlczeJrA/view?usp=share_link</subfield>
    <subfield code="y">Click here to view the table of contents.</subfield>
  </datafield>
  <datafield tag="942" ind1=" " ind2=" ">
    <subfield code="2">lcc</subfield>
    <subfield code="c">BK</subfield>
    <subfield code="n">0</subfield>
    <subfield code="e">3rd edition</subfield>
    <subfield code="h"> TX 911.3 .M3 </subfield>
    <subfield code="i">.2023 T47</subfield>
    <subfield code="k">(CHM-HosMgt)</subfield>
  </datafield>
  <datafield tag="999" ind1=" " ind2=" ">
    <subfield code="c">3314</subfield>
    <subfield code="d">3314</subfield>
  </datafield>
  <datafield tag="952" ind1=" " ind2=" ">
    <subfield code="u">https://drive.google.com/file/d/1UNfJB42KZV6Gp3g-Yfg8E51ihlczeJrA/view?usp=share_link</subfield>
    <subfield code="0">0</subfield>
    <subfield code="1">0</subfield>
    <subfield code="2">ddc</subfield>
    <subfield code="4">0</subfield>
    <subfield code="7">0</subfield>
    <subfield code="a">FOUNDATION</subfield>
    <subfield code="b">FOUNDATION</subfield>
    <subfield code="c">MAIN-CHM</subfield>
    <subfield code="d">2023-09-12</subfield>
    <subfield code="e">Purchased</subfield>
    <subfield code="l">2</subfield>
    <subfield code="m">3</subfield>
    <subfield code="o">Circ 658.8 T41 2023</subfield>
    <subfield code="p">63100</subfield>
    <subfield code="r">2026-01-13 13:58:00</subfield>
    <subfield code="s">2025-08-28</subfield>
    <subfield code="w">2023-09-12</subfield>
    <subfield code="y">BK</subfield>
    <subfield code="k">63100  </subfield>
  </datafield>
  <datafield tag="952" ind1=" " ind2=" ">
    <subfield code="u">https://drive.google.com/file/d/1UNfJB42KZV6Gp3g-Yfg8E51ihlczeJrA/view?usp=share_link</subfield>
    <subfield code="0">0</subfield>
    <subfield code="1">0</subfield>
    <subfield code="2">lcc</subfield>
    <subfield code="4">0</subfield>
    <subfield code="7">7</subfield>
    <subfield code="8">NFIC</subfield>
    <subfield code="a">FOUNDATION</subfield>
    <subfield code="b">FOUNDATION</subfield>
    <subfield code="c">MAIN-CHM</subfield>
    <subfield code="d">2026-06-29</subfield>
    <subfield code="e">Library Budget</subfield>
    <subfield code="l">0</subfield>
    <subfield code="o">(CHM-HosMgt) TX 911.3 .M3 .2023 T47</subfield>
    <subfield code="p">0252026003112</subfield>
    <subfield code="r">2026-06-29 15:09:02</subfield>
    <subfield code="w">2026-06-29</subfield>
    <subfield code="y">BK</subfield>
    <subfield code="k">CHM-HosMgt-2026112</subfield>
  </datafield>
  <datafield tag="952" ind1=" " ind2=" ">
    <subfield code="u">https://drive.google.com/file/d/1UNfJB42KZV6Gp3g-Yfg8E51ihlczeJrA/view?usp=share_link</subfield>
    <subfield code="0">0</subfield>
    <subfield code="1">0</subfield>
    <subfield code="2">lcc</subfield>
    <subfield code="4">0</subfield>
    <subfield code="7">4</subfield>
    <subfield code="8">NFIC</subfield>
    <subfield code="a">FOUNDATION</subfield>
    <subfield code="b">FOUNDATION</subfield>
    <subfield code="c">MAIN-CHM</subfield>
    <subfield code="d">2026-06-29</subfield>
    <subfield code="e">Library Budget</subfield>
    <subfield code="l">0</subfield>
    <subfield code="o">(CHM-HosMgt) TX 911.3 .M3 .2023 T47 c.2</subfield>
    <subfield code="p">0252026003113</subfield>
    <subfield code="r">2026-06-29 15:10:36</subfield>
    <subfield code="w">2026-06-29</subfield>
    <subfield code="y">BK</subfield>
    <subfield code="k">CHM-HosMgt-2026113</subfield>
  </datafield>
</record>
